[Event "Berliner Sommer"]
[Site "Berlin"]
[Date "1995.??.??"]
[Round "2"]
[White "Schaeffner, Claus"]
[Black "Iordachescu, Viorel"]
[Result "1/2-1/2"]
[WhiteElo "2225"]
[BlackElo "2435"]

1.d4 Nf6 2.c4 d6 3.Nf3 g6 4.g3 Bg7 5.Bg2 O-O 6.O-O c6 7.Nc3 Nbd7 8.e4 e5
9.h3 Ne8 10.dxe5 dxe5 11.Bg5 f6 12.Be3 Qe7 13.Qd2 Nd6 14.Qe2 Nf7 15.Nh4 Nc5
16.Rad1 Ne6 17.f4 exf4 18.gxf4 f5 19.exf5 Qxh4 20.fxe6 Bxe6 21.Bf2 Qf6 22.Bd4 Qe7
23.Bxg7 Kxg7 24.Ne4 Bf5 25.b3 Bxe4 26.Qxe4 Qxe4 27.Bxe4 Rfe8 28.Rfe1 Rad8
29.Rxd8 Rxd8 30.Bf3 Kf6 31.Bg4 Nh6 32.Re6+ Kf7 33.Re2 Nxg4 34.hxg4 Rd4 35.Rf2 Kf6
36.Kg2 h5 37.Kg3 a5 38.Rh2 hxg4 39.Kxg4 a4 40.Rh7 axb3 41.axb3 Re4 42.Rxb7 g5
43.Rb6 gxf4 44.Rxc6+ Ke5 45.Rc8 Re3 46.Re8+ Kd4 47.Rd8+ Ke4 48.Re8+ Kd4 49.Rd8+ Ke4
50.Re8+  1/2-1/2

[Event "Berliner Sommer"]
[Site "Berlin"]
[Date "1995.??.??"]
[Round "3"]
[White "Bagaturov, Giorgi"]
[Black "Pedersen, Jan"]
[Result "1-0"]
[WhiteElo "2465"]
[BlackElo "2330"]

1.d4 Nf6 2.Nf3 g6 3.g3 Bg7 4.Bg2 O-O 5.c4 d6 6.Nc3 Nc6 7.O-O Bg4 8.d5 Bxf3
9.exf3 Na5 10.Qa4 c6 11.Bd2 cxd5 12.cxd5 b6 13.Rac1 Qd7 14.f4 Rac8 15.b3 Qf5
16.Qb5 Rc5 17.Qe2 Rc7 18.Nb5 Rxc1 19.Rxc1 Nxd5 20.b4 Nb7 21.Be4 Qe6 22.Qc4  1-0

[Event "Berliner Sommer"]
[Site "Berlin"]
[Date "1995.??.??"]
[Round "3"]
[White "Wohlfahrt, Herbert J"]
[Black "Meis, Carsten"]
[Result "1-0"]
[WhiteElo "2235"]
[BlackElo "1945"]

1.d4 Nf6 2.Nf3 g6 3.c4 d6 4.g3 Bg7 5.Bg2 O-O 6.O-O Nbd7 7.Nc3 e5 8.e4 exd4
9.Nxd4 a5 10.h3 Nc5 11.Re1 Re8 12.Bf4 Bd7 13.Qd2 Ne6 14.Nxe6 Rxe6 15.Rad1 Qf8
16.e5 Nh5 17.Bg5 Bc6 18.Nd5 Rc8 19.Qxa5 h6 20.Bc1 Qd8 21.exd6 Rxd6 22.c5 b6
23.cxd6 bxa5 24.Ne7+ Kf8 25.Nxc6 Qd7 26.Re7 Qf5 27.d7  1-0

[Event "Berliner Sommer"]
[Site "Berlin"]
[Date "1995.??.??"]
[Round "4"]
[White "Bunzmann, Dimitrij"]
[Black "Roeder, Mathias"]
[Result "1/2-1/2"]
[WhiteElo "2185"]
[BlackElo "2460"]

1.d4 Nf6 2.Nf3 g6 3.c4 Bg7 4.g3 O-O 5.Bg2 d6 6.O-O c6 7.Nc3 Qa5 8.e4 Bg4
9.h3 Bxf3 10.Bxf3 Nfd7 11.Be3 Qb4 12.Qd3 Qxb2 13.Rab1 Qa3 14.Rxb7 Nb6 15.Be2 Re8
16.Rb1 N8d7 17.Rc7 c5 18.Rb3 Qa5 19.Rb5 Qa6 20.dxc5 Nxc5 21.Bxc5 dxc5 22.Nd5 Nxd5
23.cxd5 Bd4 24.Qb3 Qf6 25.Qf3 Qxf3 26.Bxf3 Rac8 27.Rc6 h5 28.Bd1 e6 29.Kf1 exd5
30.exd5 Rcd8 31.Bb3 Rd7 32.d6 Kg7 33.Rc7 Rxc7 34.dxc7 Rc8 35.Rb7 a5 36.Ba4 Be5
37.Ke2 Rxc7 38.Rxc7 Bxc7 39.Kd3 Be5 40.Kc4 Bd4 41.f3 Bf2 42.g4 h4 43.Kb5 Kf6
44.f4 Be3 45.Kxa5 Bxf4 46.Bb3 g5 47.Kb5 Be3 48.Bc4 Ke5 49.a4 Bd2 50.Kxc5 f6
51.Bf1 Ke4 52.Kd6 Kf3 53.Ke6 Kf2 54.Bc4 Bc3 55.Kf5 Kg2 56.Ke4 Kxh3 57.Kf3 Bd4
58.a5 Kh2 59.Ke4 Ba7 60.Kf5 Kg3 61.Bd5 h3 62.a6 h2 63.Bh1 Be3 64.Bc6 Bd4
65.Bh1 Kf2 66.Ke4 Be3 67.Kf5 Kg1 68.Bf3 Bd4 69.Ke4 Bb6 70.Kf5 Kf2 71.Bh1 Kg3
72.Bc6 Bd4 73.Bh1 Kf2 74.Ke4 Be3 75.Kf5 Kg1 76.Bf3 Bd4 77.Ke4 Ba7 78.Kf5 Kf2
79.Bh1 Bd4 80.Ke4 Be3 81.Kf5 Kg1 82.Bf3 h1=Q 83.Bxh1 Kxh1 84.Kxf6 Kg2 85.a7 Bxa7
86.Kxg5 Be3+  1/2-1/2

[Event "Berliner Sommer"]
[Site "Berlin"]
[Date "1995.??.??"]
[Round "5"]
[White "Bagaturov, Giorgi"]
[Black "Ganbold, Odondoo"]
[Result "1-0"]
[WhiteElo "2465"]
[BlackElo "2285"]

1.d4 Nf6 2.Nf3 g6 3.g3 Bg7 4.Bg2 O-O 5.c4 d6 6.Nc3 Nbd7 7.O-O e5 8.e4 a6
9.Rb1 Re8 10.h3 b5 11.cxb5 axb5 12.b4 c6 13.Be3 Qc7 14.Qc2 Qb7 15.a4 bxa4
16.dxe5 dxe5 17.Nxa4 Nxe4 18.Qxe4 Rxa4 19.Ng5 Nb8 20.Qh4 h6 21.Ne4 Qe7 22.Qxe7 Rxe7
23.Bc5 Re8 24.Nd6 Rd8 25.Rfd1 Be6 26.Nb7 Rd7 27.Rxd7 Bxd7 28.Rd1 Bf6 29.Na5 Na6
30.Nb7 Nb8 31.g4 Kg7 32.Be4 Ra2 33.Kg2 Bc8 34.Na5 Na6 35.Bd6 c5 36.Bd5 Ra4
37.Bb3 Rxb4 38.Bc4 Rb6 39.Nb3 Bb7+ 40.Kg3 e4 41.Kf4 g5+ 42.Ke3 Bd4+ 43.Nxd4 cxd4+
44.Rxd4 Nb4 45.Be5+ Kg6 46.Rd7 f6 47.Bf7+ Kg7 48.Bd5+ Kf8 49.Bxb7 fxe5 50.Kxe4 Rf6
51.Kxe5 Rxf2 52.Be4 Ra2 53.Rb7 Ra8 54.Kd6 Na2 55.Rc7 Ra3 56.Ke5 Nc3 57.Bc6 Ra6
58.Kf5 Rb6 59.Kg6  1-0

[Event "Berliner Sommer"]
[Site "Berlin"]
[Date "1995.??.??"]
[Round "9"]
[White "Bagaturov, Giorgi"]
[Black "Kristovic, Marijan"]
[Result "1-0"]
[WhiteElo "2465"]
[BlackElo "2290"]

1.d4 Nf6 2.Nf3 g6 3.g3 Bg7 4.Bg2 O-O 5.c4 d6 6.Nc3 c6 7.O-O Nbd7 8.e4 e5
9.h3 Re8 10.Re1 a6 11.Be3 b5 12.cxb5 axb5 13.a3 Bb7 14.Qc2 Rc8 15.Rad1 Qa5
16.Qb3 exd4 17.Bxd4 Ne5 18.Be3 Nc4 19.Bf4 d5 20.Nd2 Nh5 21.Nxc4 dxc4 22.Qc2 Nxf4
23.gxf4 c5 24.e5 Bxg2 25.Kxg2 f6 26.a4 fxe5 27.Nxb5 exf4 28.Qxc4+ Kh8 29.Nd6 f3+
30.Kf1 Rf8 31.Nxc8 Rxc8 32.Rd7 Rg8 33.Rxg7 Kxg7 34.Re7+ Kf6 35.Qe6+ Kg5 36.Qe3+  1-0

[Event "Berliner Sommer"]
[Site "Berlin"]
[Date "1995.??.??"]
[Round "9"]
[White "Kalinitschew, Sergey"]
[Black "Troyke, Christian"]
[Result "1-0"]
[WhiteElo "2470"]
[BlackElo "2345"]

1.d4 Nf6 2.Nf3 g6 3.c4 Bg7 4.g3 O-O 5.Bg2 d6 6.O-O c5 7.Nc3 Nc6 8.dxc5 dxc5
9.Bf4 Be6 10.Ne5 Nh5 11.Nxc6 bxc6 12.Be3 Rb8 13.Bxc6 Bxc4 14.Qa4 Rb4 15.Qxa7 Rxb2
16.Qxc5 Be6 17.Rad1 Qb8 18.Nd5 Rxa2 19.Nxe7+ Kh8 20.Bf3 Nf6 21.Bd4 Ra4 22.Rb1 Qd8
23.Nc6 Qc8 24.Rb8 Qxb8 25.Nxb8 Rxb8 26.Be5 Rc8 27.Qe7 Re8 28.Qb7 Rc4 29.Qb2  1-0

[Event "Biel op"]
[Site "Biel"]
[Date "1995.??.??"]
[Round "1"]
[White "Sturua, Zurab"]
[Black "Borner, Daniel"]
[Result "1-0"]
[WhiteElo "2540"]
[BlackElo "2290"]

1.d4 Nf6 2.Nf3 g6 3.c4 Bg7 4.g3 O-O 5.Bg2 d6 6.O-O Nbd7 7.Nc3 e5 8.e4 exd4
9.Nxd4 Re8 10.h3 a6 11.Rb1 Rb8 12.a4 Nc5 13.Re1 a5 14.Bf4 Nfd7 15.b3 Ne5
16.Re2 Bd7 17.Rd2 Qc8 18.Kh2 h5 19.Be3 h4 20.gxh4 Qd8 21.Bg5 f6 22.Bf4 g5
23.Bg3 gxh4 24.Bxh4 Ng6 25.Bg3 Bh6 26.Qh5 Bxd2 27.Qxg6+ Kh8 28.Nd5 Rf8 29.Rd1 c6
30.Rxd2 cxd5 31.Qh6+ Kg8 32.e5 Ne4 33.e6 Bxe6 34.Nxe6  1-0

[Event "Biel op"]
[Site "Biel"]
[Date "1995.??.??"]
[Round "1"]
[White "Tukmakov, Vladimir B"]
[Black "Dietzel, Jan"]
[Result "1-0"]
[WhiteElo "2600"]
[BlackElo "2315"]

1.d4 Nf6 2.Nf3 g6 3.c4 Bg7 4.g3 O-O 5.Bg2 d6 6.Nc3 Nbd7 7.O-O e5 8.e4 c6
9.h3 Qb6 10.c5 dxc5 11.dxe5 Ne8 12.e6 fxe6 13.Ng5 Ne5 14.f4 Nf7 15.Nxf7 Bd4+
16.Kh2 Rxf7 17.e5 Bd7 18.a4 a5 19.Ne4 Ng7 20.Ra3 Qc7 21.g4 Raf8 22.Kh1 Bc8
23.h4 b6 24.Ng5 Rd7 25.Qc2 h6 26.Qxg6 hxg5 27.Be4 Rff7 28.hxg5 Bxe5 29.Rh3 Kf8
30.f5 exf5 31.gxf5 Rd6 32.Rh8+ Ke7 33.f6+  1-0

[Event "Biel op"]
[Site "Biel"]
[Date "1995.??.??"]
[Round "5"]
[White "Tukmakov, Vladimir B"]
[Black "Kuzmin, Alexey"]
[Result "1/2-1/2"]
[WhiteElo "2600"]
[BlackElo "2500"]

1.d4 Nf6 2.Nf3 g6 3.c4 Bg7 4.g3 O-O 5.Bg2 d6 6.Nc3 Nc6 7.O-O a6 8.Bd2 Bg4
9.d5 Na5 10.b3 b5 11.cxb5 axb5 12.Nd4 b4 13.Ncb5 Nxd5 14.Bxd5 c5 15.Be3  1/2-1/2

[Event "Biel op"]
[Site "Biel"]
[Date "1995.??.??"]
[Round "6"]
[White "Ditzler, Juerg"]
[Black "Touzane, Olivier"]
[Result "1/2-1/2"]
[WhiteElo "2200"]
[BlackElo "2250"]

1.d4 Nf6 2.Nf3 g6 3.c4 Bg7 4.g3 O-O 5.Bg2 d6 6.O-O Nbd7 7.Nc3 e5 8.e4 c6
9.h3 Qb6 10.c5 dxc5 11.dxe5 Ne8 12.e6 fxe6 13.Ng5 Ne5 14.f4 Nf7 15.Nxf7 Bd4+
16.Kh2 Rxf7 17.e5 Nc7 18.Ne4 Nd5 19.Nd6 Rg7 20.h4 Qd8 21.Bh3  1/2-1/2

[Event "Biel op"]
[Site "Biel"]
[Date "1995.??.??"]
[Round "9"]
[White "Tukmakov, Vladimir B"]
[Black "Shaked, Tal"]
[Result "1-0"]
[WhiteElo "2600"]
[BlackElo "2430"]

1.d4 Nf6 2.Nf3 g6 3.c4 Bg7 4.g3 O-O 5.Bg2 d6 6.O-O Nc6 7.Nc3 a6 8.d5 Na5
9.Nd2 c5 10.Qc2 Rb8 11.b3 b5 12.Rb1 e5 13.cxb5 axb5 14.b4 cxb4 15.Rxb4 Ba6
16.Bb2 Qc7 17.Qb1 Bh6 18.Nde4 Nxe4 19.Nxe4 Nc4 20.Bc1 Bg7 21.Nc3 f5 22.Nxb5 Qc5
23.a4 e4 24.Bf4 Na3 25.Bxd6 Qxd6 26.Nxd6 Nxb1 27.Rfxb1 Rxb4 28.Rxb4 Rd8 29.Nb5 Rxd5
30.Bf1 Rd1 31.Rc4 Ra1 32.e3 Bf8 33.Kg2 Kg7 34.h4 h5 35.Rc7+ Kh6 36.Bc4 Rxa4
37.Bg8 g5 38.Nd4 gxh4 39.Nxf5+ Kg5 40.Nxh4 Ra1 41.Rf7 Bb4 42.Bh7 Bd3 43.f4+  1-0

[Event "Bled op"]
[Site "Bled"]
[Date "1995.??.??"]
[Round "1"]
[White "Tukmakov, Vladimir B"]
[Black "Orel, Oskar"]
[Result "1-0"]
[WhiteElo "2585"]
[BlackElo "2290"]

1.d4 Nf6 2.Nf3 g6 3.c4 Bg7 4.g3 O-O 5.Bg2 d6 6.Nc3 c6 7.O-O Nbd7 8.e4 e5
9.Rb1 Re8 10.h3 a5 11.Re1 h6 12.b3 Qc7 13.Be3 Kh7 14.Re2 Qb8 15.Rd2 Qc7 16.Qc2 Nb8
17.Rbd1 b6 18.Ne1 Ba6 19.f4 Nh5 20.Ne2 c5 21.fxe5 dxe5 22.dxc5 bxc5 23.Nd3 Nc6
24.Bxc5 Nd4 25.Bxd4 exd4 26.g4 Ng3 27.e5 Bxe5 28.Bxa8 Rxa8 29.Nxe5 Qxe5 30.Nxg3 Qxg3+
31.Rg2 Qxh3 32.Qf2 Kg8 33.Qg3 Qxg3 34.Rxg3 Bc8 35.Rxd4 Be6 36.Re3 Kg7 37.Re5 Ra6
38.Kf2 f5 39.gxf5 Bxf5 40.Rdd5 a4 41.Ra5 Rf6 42.Ra7+ Kf8 43.Kg3 axb3 44.Rb5 Re6
45.Rb8+ Re8 46.Rxe8+ Kxe8 47.axb3 g5 48.b4 Be6 49.b5 Kd8 50.b6 Kc8 51.c5 h5
52.c6 h4+ 53.Kf2  1-0

[Event "Bled op"]
[Site "Bled"]
[Date "1995.??.??"]
[Round "2"]
[White "Bukal, Vladimir Jr"]
[Black "Guid, Matej"]
[Result "1-0"]
[WhiteElo "2335"]
[BlackElo "2135"]

1.d4 Nf6 2.c4 g6 3.g3 Bg7 4.Bg2 O-O 5.Nf3 d6 6.Nc3 Nc6 7.O-O a6 8.h3 Rb8
9.Be3 Bd7 10.d5 Na5 11.Nd2 c5 12.a3 Qc7 13.Rc1 Rfc8 14.Bf4 b5 15.cxb5 axb5
16.b4 cxb4 17.axb4 Nc4 18.g4 Ra8 19.e4 Nb2 20.Qe2 Nxg4 21.hxg4 Bxc3 22.Nb1 Qc4
23.Qxc4 Rxc4 24.Rxc3 Bxg4 25.Rb3 Na4 26.Nd2 Rc2 27.Ra1 Rac8 28.Bf1 Nc3 29.f3 Bd7
30.Ra7 Rd8 31.Bd3 Rc1+ 32.Nf1  1-0

[Event "Bratislava op"]
[Site "Bratislava"]
[Date "1995.??.??"]
[Round "4"]
[White "Prochaska, Juergen"]
[Black "Rohacek, Miroslav"]
[Result "0-1"]
[WhiteElo "1940"]
[BlackElo "1915"]

1.Nf3 Nf6 2.c4 g6 3.d4 Bg7 4.g3 d6 5.Bg2 O-O 6.O-O Nbd7 7.Nc3 e5 8.dxe5 Nxe5
9.Nxe5 dxe5 10.Bg5 h6 11.Qxd8 Rxd8 12.Bxf6 Bxf6 13.Nd5 Bg7 14.Nxc7 Rb8 15.Rad1 Bf6
16.Nd5 Kg7 17.Nxf6 Rxd1 18.Rxd1 Kxf6 19.Rd8 Ke7 20.Rh8 h5 21.Bh3 f5 22.e4 Kf6
23.b4 b6 24.Kg2 Ra8 25.exf5 Bb7+  0-1

[Event "AUS-sf Brisbane"]
[Site "Brisbane"]
[Date "1995.??.??"]
[Round "5"]
[White "Stephson, David"]
[Black "Solomon, Stephen J"]
[Result "0-1"]
[WhiteElo "2170"]
[BlackElo "2400"]

1.d4 Nf6 2.c4 g6 3.Nf3 Bg7 4.g3 O-O 5.Bg2 d6 6.O-O Nc6 7.Nc3 a6 8.h3 Rb8
9.Be3 Nd7 10.Rc1 e5 11.d5 Ne7 12.b4 h6 13.Bd2 f5 14.e4 b5 15.cxb5 axb5 16.Nh2 fxe4
17.Ng4 h5 18.Ne3 Nf6 19.Kh2 Qd7 20.Qc2 Bb7 21.Nxe4 Nfxd5 22.Nxd5 Nxd5 23.Ng5 Rf6
24.Qb3 c6 25.f4 Rbf8 26.fxe5 Rxf1 27.e6 Qe7 28.Rxf1 Rxf1 29.Bxf1 Bf6 30.Qd3 Kg7
31.h4 Bxg5 32.Bxg5 Qxe6 33.Bg2 Bc8 34.Bc1 Kf7 35.Bxd5 cxd5 36.Qf3+ Ke7 37.Bg5+ Kd7
38.Qe3 Qe5 39.Bf4 Qf5 40.Qb6 Qc2+ 41.Kg1 Qb1+ 42.Kh2 Qxa2+ 43.Kg1 Qb1+ 44.Kf2 Qxb4
45.Qa7+ Kc6 46.Qa8+ Kd7 47.Qa7+ Ke8 48.Qg7 Qc5+ 49.Ke1 Bf5 50.Qg8+ Kd7 51.Qf7+ Kc6
52.Qe8+ Kc7  0-1

[Event "Brno-B"]
[Site "Brno"]
[Date "1995.??.??"]
[Round "2"]
[White "Guenthner, Oliver"]
[Black "Majer, Jiri"]
[Result "1/2-1/2"]
[WhiteElo "2295"]
[BlackElo "2300"]

1.Nf3 Nf6 2.g3 g6 3.Bg2 Bg7 4.c4 d6 5.d4 O-O 6.O-O Nbd7 7.Nc3 e5 8.e4 c6
9.h3 Qb6 10.dxe5 dxe5 11.Qc2 Re8 12.Be3 Qc7 13.c5 Nf8 14.Nd2 Be6 15.Rfd1 h6
16.b4 N8h7 17.Ne2 Ng5 18.Kh2 Rad8 19.f3 Nh5 20.h4 Nh7 21.Nc4 Rf8 22.Nd6 Qe7
23.Bh3 Bxh3 24.Kxh3 Rd7 25.g4 Nf4+ 26.Nxf4 exf4 27.Bd4 Nf6 28.Qb3 Qe6 29.Qxe6 fxe6
30.g5 hxg5 31.hxg5 Nh5 32.Bxg7 Rxg7 33.Nc4 Ng3 34.Rd2 Rh7+ 35.Kg4 Nf5 36.exf5 exf5+
37.Kxf4 Rh4+ 38.Kg3 Rxc4 39.a3 Rc3 40.Rd6 Kg7 41.Re1 Rxa3 42.Ree6 Rf7 43.Rxg6+ Kh7
44.Rge6 Kg7 45.Rg6+ Kh7 46.Rh6+ Kg8 47.Rdg6+ Rg7 48.Rxg7+ Kxg7 49.Rd6 a5
50.Kf4 axb4 51.Rd7+ Kg6 52.Rd6+ Kg7 53.Rd7+  1/2-1/2

[Event "Ciocaltea mem"]
[Site "Bucharest"]
[Date "1995.??.??"]
[Round "6"]
[White "Itkis, Boris"]
[Black "Istratescu, Andrei"]
[Result "1/2-1/2"]
[WhiteElo "2410"]
[BlackElo "2505"]

1.d4 Nf6 2.Nf3 g6 3.c4 Bg7 4.g3 O-O 5.Bg2 d6 6.Nc3 Nc6 7.O-O a6 8.Bd2 Bd7
9.Rc1 Rb8 10.a3 e5 11.dxe5 Nxe5 12.Nxe5 dxe5 13.Nd5 c6 14.Nxf6+ Qxf6 15.Be3 Be6
16.Bb6 e4 17.b4 Qe5 18.Qd2 f5 19.Qe3 Rf7 20.Rfd1 Rd7 21.Rxd7  1/2-1/2

[Event "Budapest FS07 GM"]
[Site "Budapest"]
[Date "1995.??.??"]
[Round "?"]
[White "Engqvist, Thomas"]
[Black "Gonzalez Garcia, Jose"]
[Result "1-0"]
[WhiteElo "2405"]
[BlackElo "2375"]

1.d4 Nf6 2.Nf3 g6 3.c4 Bg7 4.g3 O-O 5.Bg2 d6 6.O-O Nbd7 7.Nc3 e5 8.h3 Re8
9.e4 c6 10.Re1 a5 11.Rb1 exd4 12.Nxd4 Nc5 13.Bf4 Nh5 14.Be3 a4 15.Qd2 Nf6
16.Bf4 Nh5 17.Bg5 Qa5 18.Be3 Nf6 19.Qc2 Nfd7 20.b4 axb3 21.axb3 Qb4 22.Re2 Nf8
23.Na2 Qa3 24.b4 Nce6 25.Nb3 c5 26.Rd1 cxb4 27.Rxd6 Bd7 28.Bc1 Qa4 29.Rb6 Bc6
30.Rxb4 Qa6 31.Nc3 Nd7 32.Nd5 Bf8 33.c5 Bxd5 34.exd5 Nexc5 35.Be3 Rac8 36.Qd2 Nxb3
37.Rxb3 Nc5 38.Rb2 Ne4 39.Qe1 Bg7 40.Rb6 Qd3 41.Bf4 f5 42.Rxb7 Bc3 43.Rb3 Qc4
44.Qd1 Nxg3 45.Rxe8+ Rxe8 46.Be3 Ne2+ 47.Kh1 Ra8 48.d6 Ra1 49.Rb1 Rxb1 50.Qxb1 Be5
51.d7 Bc7 52.Qd1  1-0

[Event "Budapest FS07 IM-B"]
[Site "Budapest"]
[Date "1995.??.??"]
[Round "?"]
[White "Voskanian, Vahagn"]
[Black "Zaitsev, Vadim"]
[Result "1/2-1/2"]
[WhiteElo "2425"]
[BlackElo "2350"]

1.Nf3 Nf6 2.d4 g6 3.g3 Bg7 4.Bg2 O-O 5.c4 d6 6.Nc3 a6 7.O-O Nc6 8.h3 Rb8
9.Be3 b5 10.cxb5 axb5 11.Rc1 Na5 12.b3 b4 13.Na4 Bd7 14.Qc2 Bb5 15.Rfe1 c6
16.Nb2 Nd5 17.Bd2 c5 18.e4 Nc3 19.Bxc3 bxc3 20.Qxc3 Nc6 21.Qd2 Nxd4 22.Nc4 Nc6
23.Bf1 Ra8 24.a4 Ba6 25.Qe3 Qb8 26.Rb1 Qa7 27.Na3 Nd4 28.Nxd4 Bxd4 29.Qd2 Bxf1
30.Rxf1 Qb7 31.Nb5 Bg7 32.Rfe1 Rfc8 33.Qd5 Qxd5 34.exd5 Kf8 35.Na3 Rcb8 36.Re4 Be5
37.Nb5 Rc8 38.Rc4 h5 39.Re1 Ra6 40.Kg2 Ke8 41.Re2 Kd7 42.Rd2 e6 43.Re4 Bg7
44.Rde2 e5 45.g4 hxg4 46.Rxg4 c4 47.bxc4 Bh6 48.Rh4 Bf4 49.Rh7 Ke7 50.Rc2 e4
51.Nd4 Rxa4 52.Rh4 g5 53.Rh6 Raxc4 54.Nf5+ Kd7 55.Re2 R8c5 56.Rh7 Rxd5 57.Nh6 Rd2
58.Rxd2 Bxd2 59.Rxf7+ Ke6 60.Rf8 d5 61.Ng4 Rb4 62.Rf6+ Ke7 63.Rf5 Kd6 64.Rf6+ Kc5
65.Rf5 Rd4 66.Kf1 Rd3 67.Ke2 Bc1 68.Ne3 Bxe3 69.fxe3 Ra3 70.Rxg5 Ra2+ 71.Kf1 Kc4
72.Kg1 d4 73.exd4 e3 74.Re5 Kxd4 75.Re6 Kd3 76.Re8 Ke2 77.Kg2  1/2-1/2

[Event "Budapest FS07 IM-B"]
[Site "Budapest"]
[Date "1995.??.??"]
[Round "?"]
[White "Breier, Andreas"]
[Black "Roehrich, Stefan"]
[Result "1-0"]
[WhiteElo "2225"]
[BlackElo "2235"]

1.c4 Nf6 2.Nf3 g6 3.g3 Bg7 4.d4 O-O 5.Bg2 d6 6.O-O Nbd7 7.Qc2 e5 8.Rd1 exd4
9.Nxd4 Re8 10.Nc3 Ng4 11.e4 a5 12.Ndb5 Nc5 13.b3 Bd7 14.Nd4 Qc8 15.Bb2 Ne5
16.Nd5 Ne6 17.Nb5 Bc6 18.f4 Nd7 19.Bxg7 Kxg7 20.a3 Bxd5 21.cxd5 Nec5 22.b4 axb4
23.axb4 Rxa1 24.Rxa1 Na6 25.Qc3+ Kg8 26.Rc1 Qb8 27.Bh3 Nb6 28.Qd4 Na4 29.Ra1 Nb6
30.Nxd6 cxd6 31.Qxb6 Rxe4 32.Rxa6 Re1+ 33.Bf1 Qe8 34.Ra2 Qe4 35.Rd2 Qc4 36.Qf2 Rb1
37.f5 gxf5 38.Qxf5 Qxb4 39.Rf2  1-0

[Event "Budapest FS03 IM-A"]
[Site "Budapest"]
[Date "1995.??.??"]
[Round "1"]
[White "Schoene, Ralf"]
[Black "Vigh, Bela"]
[Result "1-0"]
[WhiteElo "2355"]
[BlackElo "2370"]

1.d4 g6 2.Nf3 Bg7 3.g3 Nf6 4.c4 d6 5.Bg2 O-O 6.O-O Nc6 7.Nc3 a6 8.h3 Rb8
9.Be3 b5 10.Nd2 Bd7 11.Rc1 e5 12.dxe5 Nxe5 13.b3 Re8 14.cxb5 axb5 15.Nde4 Nxe4
16.Nxe4 Bf5 17.Bd4 Qd7 18.h4 Bh3 19.Bxh3 Qxh3 20.Ng5 Qd7 21.Rc2 h6 22.Bxe5 Rxe5
23.Nf3 Re7 24.Qd5 Rbe8 25.e3 c5 26.Rd1 Rd8 27.Kg2 Kh7 28.Rcd2 Qc7 29.h5 Bc3
30.Rd3 b4 31.a4 g5 32.Qf5+ Kg8 33.Qd5 g4 34.Nh4 Re5 35.Qc4 Rg5 36.Rd5 Kf8
37.Nf5 Rxh5 38.Qxg4 Rg5 39.Qh4 Rg6 40.Nxh6 Bf6 41.Qf4 c4 42.bxc4 b3 43.Nf5 Be5
44.Qxe5  1-0

[Event "Budapest Furdo"]
[Site "Budapest"]
[Date "1995.??.??"]
[Round "2"]
[White "Bartha, Sandor"]
[Black "Kecskes, Gabor"]
[Result "1-0"]
[WhiteElo "2205"]
[BlackElo "2100"]

1.d4 Nf6 2.Nf3 g6 3.g3 Bg7 4.Bg2 O-O 5.c4 d6 6.Nc3 Nbd7 7.O-O e5 8.Bg5 h6
9.Bxf6 Qxf6 10.e3 Re8 11.Qc2 Nf8 12.d5 Qe7 13.Rfe1 f5 14.Rac1 Bd7 15.b4 a5
16.a3 g5 17.Nd2 Ng6 18.Nb5 Rec8 19.Bf1 axb4 20.axb4 c5 21.bxc5 Rxc5 22.Nb3 Rcc8
23.c5 dxc5 24.d6 Qf6 25.Nc7 Rab8 26.Qxc5 Kh8 27.Red1 f4 28.Qb6 Bc6 29.d7 Rd8
30.Nd5 Qf7 31.e4 Nf8 32.Bh3 Nxd7 33.Qc7 Rbc8 34.Qd6 Nf6 35.Qe6 Qxe6 36.Bxe6 Ra8
37.f3 fxg3 38.hxg3 Ra3 39.Ne7 Rxd1+ 40.Rxd1 Ra8 41.Ng6+ Kh7 42.Bf5 Ba4 43.Nxe5+ Kh8
44.Rb1 Nh5 45.Ng6+ Kg8 46.Kg2 Re8 47.Nc5 b5 48.Bd7 Rd8 49.Ne7+ Kf7 50.Nd5 Be5
51.Be6+ Ke8 52.Bf5 Nxg3 53.Bg6+ Kf8 54.Ne6+  1-0

[Event "Budapest"]
[Site "Budapest"]
[Date "1995.??.??"]
[Round "2"]
[White "Izsak, Gyula"]
[Black "Raubal, Martin"]
[Result "1-0"]
[WhiteElo "2445"]
[BlackElo "2205"]

1.d4 g6 2.Nf3 Bg7 3.c4 Nf6 4.g3 O-O 5.Bg2 d6 6.Nc3 Nbd7 7.O-O e5 8.e4 c6
9.h3 Qb6 10.c5 dxc5 11.dxe5 Ne8 12.Qc2 Nc7 13.Na4 Qb5 14.Rd1 Ne6 15.Be3 Nxe5
16.Nxe5 Bxe5 17.Nxc5 Nxc5 18.Bxc5 Re8 19.b4 Qa6 20.Rab1 Be6 21.a4 Qc4 22.Qxc4 Bxc4
23.f4 Bg7 24.e5 Red8 25.b5 Bd5 26.bxc6 bxc6 27.Bxd5 cxd5 28.Rb7 Bf8 29.Bxf8 Kxf8
30.Rc1 d4 31.Rcc7 d3 32.Rxf7+ Kg8 33.Rg7+ Kh8 34.Rxh7+ Kg8 35.Rbg7+ Kf8 36.e6 Re8
37.e7+ Rxe7 38.Rxe7  1-0

[Event "Budapest FS03 IM-B"]
[Site "Budapest"]
[Date "1995.??.??"]
[Round "3"]
[White "Izsak, Gyula"]
[Black "De Santis, Alessio"]
[Result "1/2-1/2"]
[WhiteElo "2445"]
[BlackElo "2270"]

1.d4 Nf6 2.c4 g6 3.Nf3 Bg7 4.g3 O-O 5.Bg2 d6 6.Nc3 Nbd7 7.O-O e5 8.b3 Re8
9.e3 c6 10.Bb2 h5 11.Qc2 a6 12.Ng5 h4 13.Nge4 exd4 14.exd4 Nxe4 15.Nxe4 Nf6
16.Ng5 Bf5  1/2-1/2

[Event "Budapest FS10 GM"]
[Site "Budapest"]
[Date "1995.??.??"]
[Round "4"]
[White "Horvath, Jozsef"]
[Black "Reschke, Stefan"]
[Result "1/2-1/2"]
[WhiteElo "2510"]
[BlackElo "2380"]

1.d4 Nf6 2.c4 g6 3.Nf3 Bg7 4.g3 O-O 5.Bg2 d6 6.Nc3 Nbd7 7.O-O e5 8.e4 c6
9.Rb1 a6 10.Re1 b5 11.d5 cxd5 12.cxd5 Nb6 13.a3 Bd7 14.b3 Qc7 15.Bb2 Rfc8
16.Bf1 Qb7 17.h3  1/2-1/2

[Event "Budapest FS03 IM-A"]
[Site "Budapest"]
[Date "1995.??.??"]
[Round "4"]
[White "Peter, Ambrus"]
[Black "Schoene, Ralf"]
[Result "1/2-1/2"]
[WhiteElo "2335"]
[BlackElo "2355"]

1.d4 Nf6 2.c4 g6 3.g3 Bg7 4.Bg2 d6 5.Nf3 O-O 6.O-O a6 7.Nc3 Nc6 8.d5 Na5
9.Nd2 c5 10.Qc2 e5 11.b3 Ng4 12.h3 Nh6 13.Bb2 Rb8 14.Rae1 b5 15.Nd1 Nf5 16.e3 Bd7
17.Bc3 Qb6 18.Kh2 Rfe8 19.Rg1 f6 20.Bf1 Nb7 21.Ne4 Nd8 22.f4 Nf7 23.Qf2 exf4
24.exf4 Nd4 25.Bd3 bxc4 26.Bxc4 f5 27.Nd2 Bb5 28.Rxe8+ Rxe8 29.Re1 Qd8 30.Re3 Qa8
31.Nf3  1/2-1/2

[Event "Budapest FS03 GM"]
[Site "Budapest"]
[Date "1995.??.??"]
[Round "4"]
[White "Csom, Istvan"]
[Black "Kjeldsen, Jens"]
[Result "1/2-1/2"]
[WhiteElo "2455"]
[BlackElo "2410"]

1.c4 g6 2.Nf3 Bg7 3.d4 Nf6 4.g3 O-O 5.Bg2 d6 6.Nc3 Nbd7 7.O-O e5 8.b3 Re8
9.e4 exd4 10.Nxd4 Nc5 11.f3 Bd7 12.Be3 Qc8 13.b4 Ne6 14.Nde2 h5 15.Qd2 Nd8
16.Rac1 a5 17.a3 axb4 18.axb4 Nc6 19.Nd5 Ra3 20.Nef4 Nxd5 21.Nxd5 Be6 22.Bh6 Bh8
23.Kh1 Nd4 24.Bg5 Bxd5 25.cxd5 Qd7 26.Rc4 Nb5 27.Rfc1 Rea8 28.Be3 Qe7 29.h4 Qe5
30.Kh2 Rb3 31.Bf1 Qb2 32.R1c2 Qb1 33.Rc1 Qb2 34.Qc2 Qb1  1/2-1/2

[Event "Budapest FS03 IM-B"]
[Site "Budapest"]
[Date "1995.??.??"]
[Round "5"]
[White "Izsak, Gyula"]
[Black "Held, Markus"]
[Result "1-0"]
[WhiteElo "2445"]
[BlackElo "2210"]

1.d4 Nf6 2.c4 g6 3.Nf3 Bg7 4.g3 O-O 5.Bg2 d6 6.Nc3 Nc6 7.d5 Na5 8.Nd2 c5
9.a3 Qc7 10.Qc2 a6 11.O-O Rb8 12.b3 b5 13.Bb2 e5 14.dxe6 fxe6 15.cxb5 axb5
16.Nce4 Bd7 17.Nxf6+ Bxf6 18.Bxf6 Rxf6 19.b4 Nb7 20.Bxb7 Rxb7 21.Ne4 Rf5
22.Qc3 Bc6 23.Nf6+ Kf8 24.e4 Re5 25.f4 cxb4 26.axb4 Qb6+ 27.Rf2 Rxe4 28.Nxe4 Bxe4
29.Ra8+  1-0

[Event "Budapest FS03 IM-B"]
[Site "Budapest"]
[Date "1995.??.??"]
[Round "6"]
[White "Horvath, Peter"]
[Black "De Santis, Alessio"]
[Result "1-0"]
[WhiteElo "2365"]
[BlackElo "2270"]

1.d4 Nf6 2.Nf3 g6 3.c4 Bg7 4.g3 O-O 5.Bg2 d6 6.Nc3 Nbd7 7.O-O e5 8.e4 c6
9.h3 Re8 10.Be3 exd4 11.Nxd4 Nc5 12.Qc2 a5 13.Rfe1 a4 14.f4 Ncxe4 15.Bxe4 Nxe4
16.Nxe4 d5 17.cxd5 cxd5 18.Nf2 Rxe3 19.Rxe3 Bxd4 20.Re2 a3 21.Rae1 Bf5 22.Qd2 Bxb2
23.g4 Bd7 24.f5 Bb5 25.Re7 Qd6 26.Kg2 d4 27.R1e5 Bc6+ 28.Ne4 gxf5 29.gxf5 d3
30.Kf1 Bxe4 31.Qg5+ Kh8 32.Re8+ Qf8 33.f6 Bg6 34.Qh6  1-0

[Event "Budapest FS11 IM-B"]
[Site "Budapest"]
[Date "1995.??.??"]
[Round "7"]
[White "Reh, Philipp"]
[Black "Levacic, Patrick"]
[Result "0-1"]
[WhiteElo "2105"]
[BlackElo "2345"]

1.d4 Nf6 2.Nf3 g6 3.c4 d6 4.g3 Bg7 5.Bg2 O-O 6.O-O Nbd7 7.Nc3 e5 8.e4 h6
9.h3 Nh7 10.Be3 Ng5 11.Nxg5 hxg5 12.Qd2 exd4 13.Bxd4 Ne5 14.b3 c5 15.Be3 Bxh3
16.Bxg5 Qd7 17.f3 Be6 18.Rad1 Nc6 19.Bh6 Bd4+ 20.Be3 Be5 21.Ne2 Rad8 22.Bh6 Bg7
23.Bxg7 Kxg7 24.f4 Bg4 25.f5 f6 26.fxg6 Bxe2 27.Qxe2 Nd4 28.Qf2 Qg4 29.Rde1 Rde8
30.b4 Qxg6 31.Qf4 Re5 32.bxc5 dxc5 33.Bf3 Ne6 34.Qg4 Qxg4 35.Bxg4 Nd4 36.Bd1 Rfe8
37.Rf4 f5 38.Ref1 Rxe4 39.g4 Rxf4 40.Rxf4 Re1+ 41.Rf1 Rxf1+ 42.Kxf1 f4 43.Ke1 Kf6
44.Kd2 Kg5  0-1

[Event "Budapest FS02 IM-B"]
[Site "Budapest"]
[Date "1995.??.??"]
[Round "8"]
[White "Izsak, Gyula"]
[Black "Kahn, Evarth"]
[Result "1-0"]
[WhiteElo "2445"]
[BlackElo "2400"]

1.d4 Nf6 2.c4 g6 3.Nf3 Bg7 4.g3 O-O 5.Bg2 d6 6.O-O Nbd7 7.Nc3 e5 8.b3 Re8
9.Bb2 h6 10.e3 c6 11.Qc2 a6 12.e4 b5 13.cxb5 axb5 14.a4 b4 15.Nb1 c5 16.dxe5 dxe5
17.Nbd2 Bb7 18.Rfe1 Ra6 19.Bf1 Rae6 20.Rad1 Qa8 21.Bd3 Nh7 22.Bb5 Bc6 23.Bxc6 Qxc6
24.Nc4 f6 25.Rd2 Bf8 26.Red1 Nb6 27.Nxb6 Qxb6 28.Rd7 R8e7 29.R7d5 Rc7 30.Nh4 Kf7
31.Qc4 Be7 32.Qe2 Ng5 33.Nf3 Qa6 34.Nxg5+ hxg5 35.Qf3 Kg7 36.h4 gxh4 37.gxh4 c4
38.bxc4 Qxa4 39.h5 gxh5 40.Qf5 Rcc6 41.Kh2 Kf8 42.Bc1  1-0